000 00989nam a2200325 u 4500
001 000017484
003 DO-SdBPM
005 20250821135035.0
007 ta
008 100325s1976 dr r 000 d spa d
040 _aDO-SdBPM
_bspa
_cBPMSU
_drda
082 4 _aRD862.44
_bS489d, 1976
_222
100 1 _aSerulle, Haffe,
_d1947-
_eautor
245 1 0 _aDuarte /
_cHaffe Serulle.
250 _a2a ed.
264 _aSanto Domingo :
_bCultural Dominicana,
_c1976.
300 _a149 p. ;
_c19 cm.
336 _atexto
_btxt
_2rdacontent
337 _asin mediación
_bn
_2rdamedia
338 _avolumen
_bnc
_2rdacarrier
500 _aIncluye datos biográficos del autor en la contracubierta
590 _aInventariado, 2025/VM
600 1 0 _aDuarte, Juan Pablo,
_d1813-1876
650 7 _aTeatro dominicano
650 7 _aLiteratura dominicana.
650 z _aDominican drama
650 z _aDominican literature
910 _aVMateo V. Control de calidad. BPMSU
942 _2ddc
_cBK
999 _c15348
_d15348